| 000 | 00355nam a22001337a 4500 | ||
|---|---|---|---|
| 020 | _a1861002610 | ||
| 040 | _cNust | ||
| 082 |
_a005.276 _bAND |
||
| 100 |
_aRichard Anderson _9127405 |
||
| 245 | _aProfessional Active server pages 3.0 | ||
| 260 |
_aUSA: _bWrox press, _c1999. |
||
| 650 |
_aProfessional Active server pages 3.0 _9127406 |
||
| 942 |
_2ddc _cBK |
||
| 999 |
_c612538 _d612538 |
||